Máximos goleadores del Real Madrid - Estadísticas

Estadísticas generales
  • Esta prueba ha sido intentada 2.222 veces
  • La puntuación promedio es 8 de 15
Estadísticas de respuestas
Goles Jugador % Correcto
450 Cristiano Ronaldo
100%
354 Karim Benzema
94%
323 Raúl González
94%
308 Alfredo Di Stéfano
80%
242 Ferenc Puskás
57%
123 Vinícius Júnior
57%
171 Emilio Butragueño
52%
182 Paco Gento
52%
208 Hugo Sánchez
48%
290 Santillana
34%
128 Fernando Hierro
31%
172 Pirri
19%
130 Míchel González
18%
155 Amancio Amaro
17%
125 Pahiño
6%
No se encontraron pruebas coincidentes
Distribución de puntuación
Porcentaje de gente con cada puntuación
Porcentaje por número respondido
Historial de tus puntuaciones
No has intentado esta prueba.